| 000 | 00441nam a2200121Ia 4500 | ||
|---|---|---|---|
| 008 | 160712s9999 xx 000 0 und d | ||
| 100 | _aAustria Jr., Fernando A. | ||
| 245 |
_cFernando A. Austria Jr. _aBeing LGBT: Is It More Fun in the Philippines? |
||
| 260 |
_c2013 _bSocial Science Diliman |
||
| 300 | _avol. 9 no. 2 | ||
| 650 | _xSOCIAL SCIENCE | ||
| 856 | _uhttp://journals.upd.edu.ph/index.php/socialsciencediliman/issue/view/405/showToc | ||
| 999 |
_c297353 _d297353 |
||